Banking Services, Opportunities and Risks

Salvato in:
Dettagli Bibliografici
Altri autori: Kazik, Jerzy
Natura: Libro
Lingua:inglese
Pubblicazione: New York Nova Science Publishers 2017
Edizione:1st Edition
Serie:Banks and Banking Developments
Soggetti:
Tags: Aggiungi Tag
Nessun Tag, puoi essere il primo ad aggiungerne!!

MARC

LEADER 00000nam a2200000 4500
001 0252366
005 20240221111210.4
020 |a 978-1-53612-837-6 
041 0 |a eng 
044 |a US 
245 1 0 |a Banking  |b Services, Opportunities and Risks  |c Editor: Jerzy Kazik 
250 |a 1st Edition 
264 1 |a New York  |b Nova Science Publishers  |c 2017 
300 |a 242 s. 
490 1 |a Banks and Banking Developments 
830 0 |a Banks and Banking Developments 
610 2 0 |a bankovníctvo 
610 2 0 |a služby bankové 
610 2 0 |a riziko bankové 
610 2 0 |a bankovníctvo mobilné 
610 2 0 |a islam 
610 2 0 |a financie 
610 2 0 |a metódy 
610 2 0 |a riadenie 
610 2 0 |a marketing 
610 2 0 |a vzťahy s verejnosťou 
610 2 0 |a banky obchodné 
610 2 0 |a štúdie prípadové 
610 2 0 |a Líbya 
610 2 0 |a Slovensko 
610 2 0 |a Európa 
700 1 |a Kazik, Jerzy